000 00432nam a22001697a 4500
005 20170822175138.0
008 160413b xxu||||| |||| 00| 0 eng d
020 _a0-333-32712-8
040 _dBSU
082 _221
_a940.2 MAL
100 _aMAland, David
_920787
245 _a Europe in the sixteenth century
250 _a2nd ed
260 _aHoundmills
_bMackmillan Publishers
_c1982
300 _avii,234p.
942 _2ddc
_cBK
999 _c10378
_d10378